Uspořte s málem

Predstava šetrenia s energiami je často spojená s pojmami ako komplexné zateplenie domu, alternatívne zdroje energie a ďalšie. To veľakrát znamená veľké investície. Ušetriť je možné ale aj bez nich. Úsporné tipy.

Guardado en:
Detalles Bibliográficos
Autor principal: Daniel, David
Formato: Capítulo de libro
Lenguaje:checo
Materias:
Etiquetas: Agregar Etiqueta
Sin Etiquetas, Sea el primero en etiquetar este registro!

MARC

LEADER 00000naa$a2200000$$$4500
001 0111749
005 20230804112113.9
041 0 |a cze 
044 |a CZ 
245 1 0 |a Uspořte s málem  |c David Daniel 
520 |a Predstava šetrenia s energiami je často spojená s pojmami ako komplexné zateplenie domu, alternatívne zdroje energie a ďalšie. To veľakrát znamená veľké investície. Ušetriť je možné ale aj bez nich. Úsporné tipy. 
610 2 0 |a úspory energie 
610 2 0 |a spotreba energie 
610 2 0 |a teplo 
100 1 |a Daniel, David